000 00476nam a2200157Ia 4500
003 Ost
005 20260507075702.0
008 260507s9999||||xx |||||||||||||| ||und||
040 _cfsecg
041 _aara
100 _aعبد الباقي، صلاح
_eمؤلف
245 0 _aادارة الموارد البشرية /
_c صلاح عبد الباقي
260 _aالاسكندرية:
_bالدار الجامعية,
_c2000
300 _a400 صفحة؛
942 _cكتاب
999 _c45851
_d45851